01415nac a22003371i 4500003000900000005001700009008004100026020002200067020001800089040004300107082002300150100003200173245010500205250002000310264005400330300004600384336002600430337002800456338002700484500002600511504005100537650003500588650003300623655001700656856007400673856008800747856007600835942001200911999001500923952013900938EG-ScBUE20250526093215.0250415s2004 e a f b 001 0 eng d a0521539277 (pbk.) a9780521539272 aEG-ScBUEbengerdacEG-ScBUEdEG-ScBUE04a530.15636bFRA2221 aFrankel, Theodore,eauthor.14aThe geometry of physics :ban introduction /cTheodore Frankel, University of California, San Diego. aSecond edition. 1aCambridge : bCambridge University Press, c2004. axxvi, 694 pages :billustrations ;c27 cm 2rdacontentatextbtxt aunmediated2rdamediabn avolumebnc2rdacarrier aIncludes Appendices.  aIncludes bibliographical references and index. 7aGeometry, Differential.2BUEsh 7aMathematical physics.2BUEsh vReading book413Sample textuhttp://www.loc.gov/catdir/samples/cam041/2003044030.html413Publisher descriptionuhttp://www.loc.gov/catdir/description/cam032/2003044030.html413Table of contentsuhttp://www.loc.gov/catdir/toc/cam031/2003044030.html cBB2ddc c1385d1385 00102ddc40708BaccahaMAINbMAINc1STd2006-09-06g290.00l0o530.15636 FRAp000003069r2025-07-15 00:00:00v362.50w2006-09-06yBB